Top 15 Countries with Covid-19 Cases - 14 July 2021 - Statistics

General Stats
  • This quiz has been taken 41 times
  • The average score is 15 of 28
Answer Stats
country % Correct
United States
92%
France
90%
India
90%
Russia
87%
United Kingdom
87%
Brazil
85%
Germany
85%
Italy
85%
Spain
82%
Argentina
69%
Poland
69%
Portugal
62%
Sweden
62%
Turkey
62%
Netherlands
56%
Indonesia
49%
Iran
49%
Belgium
44%
Colombia
41%
Czechia
33%
Slovenia
23%
Georgia
15%
Estonia
13%
Israel
13%
Lithuania
13%
Uruguay
13%
Panama
10%
Bahrain
8%
No matching quizzes found
Score Distribution
Percent of People with Each Score
Percentile by Number Answered
Your Score History
You have not taken this quiz